BUBT Library Online Catalog

Principles of Risk Management and Insurance / (Record no. 5795)

000 -LEADER
fixed length control field 00661nam a22002177a 4500
003 - CONTROL NUMBER IDENTIFIER
control field BUBTL
008 - FIXED-LENGTH DATA ELEMENTS--GENERAL INFORMATION
fixed length control field 180912b xxu||||| |||| 00| 0 eng d
020 ## - INTERNATIONAL STANDARD BOOK NUMBER
International Standard Book Number 9789332584921
082 ## - DEWEY DECIMAL CLASSIFICATION NUMBER
Classification number 368/ R2791p/ 2017
100 ## - MAIN ENTRY--PERSONAL NAME
9 (RLIN) 2017
Personal name Rejda, George E.
245 ## - TITLE STATEMENT
Title Principles of Risk Management and Insurance /
Statement of responsibility, etc. George E. Rejda, Michael McNamara
250 ## - EDITION STATEMENT
Edition statement 13th
260 ## - PUBLICATION, DISTRIBUTION, ETC. (IMPRINT)
Place of publication, distribution, etc. India
Name of publisher, distributor, etc. Pearson
Date of publication, distribution, etc. c2017
300 ## - PHYSICAL DESCRIPTION
Extent 720p . :
Other physical details ill, Chart ; 26cm .
500 ## - GENERAL NOTE
General note Includes Glossary and Index .
650 #0 - SUBJECT ADDED ENTRY--TOPICAL TERM
9 (RLIN) 18
Topical term or geographic name as entry element Finance
700 ## - ADDED ENTRY--PERSONAL NAME
9 (RLIN) 2018
Personal name George E. Rejda, Michael McNamara
856 ## - ELECTRONIC LOCATION AND ACCESS
Password 0
Logon 0
Link text Download
942 ## - ADDED ENTRY ELEMENTS (KOHA)
Source of classification or shelving scheme
Koha item type Books
Holdings
Withdrawn status Lost status Source of classification or shelving scheme Damaged status Not for loan Collection code Permanent location Current location Shelving location Date acquired Inventory number Total Checkouts Full call number Barcode Date last seen Copy number Price effective from Koha item type
          Non-fiction Bangladesh University of Business and Technology Library Bangladesh University of Business and Technology Library Finance Stacks 09/12/2018 24652   368 RER BUBTL-200324652 09/12/2018 C-1 09/12/2018 Books
          Non-fiction Bangladesh University of Business and Technology Library Bangladesh University of Business and Technology Library Finance Stacks 09/12/2018 24650   368 RER BUBTL-200324650 09/12/2018 C-2 09/12/2018 Books
          Non-fiction Bangladesh University of Business and Technology Library Bangladesh University of Business and Technology Library Finance Stacks 09/12/2018 24651   368 RER BUBTL-200324651 09/12/2018 C-3 09/12/2018 Books
          Non-fiction Bangladesh University of Business and Technology Library Bangladesh University of Business and Technology Library Finance Stacks 09/12/2018 24649   368 RER BUBTL-200324649 09/12/2018 C-4 09/12/2018 Books
        Not For Loan Non-fiction Bangladesh University of Business and Technology Library Bangladesh University of Business and Technology Library Finance Stacks 09/12/2018 24648   368 RER BUBTL-200324648 09/12/2018 C-5 09/12/2018 Books

More Information About Library

Library Hours

  • Open: 9.00 am. to 9.00 pm.
  • Only Sunday: 9.00 am. to 6.00 pm.
  • Closed: Holiday

Contact to the University

Bangladesh University of Business and Technology Library

  • Mirpurl-2, 1216.
  • Phone:
  • Fax:
  • E-Mail: admin.library@bubt.edu.bd

Contact to the Library

Contact Person:

Md. Abdul Hakim Shah
Joint Librarian
PABX No:  113
Cell No: 01816332931
E-mail: official: admin.library@bubt.edu.bd
Personal: hakim.shah@bubt.edu.bd


BUBT Library

Copyright © 2021